Statistics for Football! Multiple Choice Masterpiece

Click here to take the quiz!

General Stats

  • This quiz has been taken 214 times
  • The average score is 6 of 10

Answer Stats

QuestionAnswer% Correct
Who has won the most Ballon Dor'sLionel Messi
95%
Who arrived at Man u for 80m and considered the biggest flopMaguire
74%
What was Neymar's first club in Pro footballSantos
74%
Who in a match put up their shirt and it said 'Why always me'Mario Balotelli
73%
What was the new league Uefa tried to replace the Champions league withSuper League
69%
The world record transfer fee; Which playerNeymar
67%
Who scored the most goals in the Premier LeagueShearer
60%
What city was the first recorded Football match (if the answer is wrong tell me in the chat)London
58%
What was the score of the highest scoring match149-0
39%
Which one of these share a record for most red cards in the Premier leaguePatrick Viera
17%

Score Distribution

Percentile by Number Answered

Percent of People with Each Score

Your Score History

You have not taken this quiz